|
|
|
|
| LEADER |
00000nam0a2200000 4500 |
| 001 |
297851 |
| 005 |
20231102001040.0 |
| 020 |
|
|
|a RU
|b 84-50451
|
| 035 |
|
|
|a (RuTPU)RU\TPU\book\322986
|
| 035 |
|
|
|a RU\TPU\book\322985
|
| 090 |
|
|
|a 297851
|
| 100 |
|
|
|a 20150611d1984 km y0rusy5003 ca
|
| 101 |
0 |
|
|a rus
|
| 102 |
|
|
|a RU
|
| 105 |
|
|
|a a z 001zy
|
| 200 |
1 |
|
|a Поверхностные явления в металлургических процессах
|f Ю. А. Минаев
|
| 210 |
|
|
|a Москва
|c Металлургия
|d 1984
|
| 215 |
|
|
|a 152 с.
|c ил.
|
| 320 |
|
|
|a Библиогр.: с. 148-152
|
| 606 |
1 |
|
|a Металлургическое производство
|2 stltpush
|3 (RuTPU)RU\TPU\subj\43005
|9 62593
|
| 610 |
1 |
|
|a металлургические процессы
|
| 610 |
1 |
|
|a поверхностные явления
|
| 610 |
1 |
|
|a фазы
|
| 610 |
1 |
|
|a натяжение
|
| 610 |
1 |
|
|a термодинамика
|
| 610 |
1 |
|
|a дисперсные системы
|
| 610 |
1 |
|
|a расплавы
|
| 610 |
1 |
|
|a пленки
|
| 610 |
1 |
|
|a продукты
|
| 610 |
1 |
|
|a раскисление
|
| 610 |
1 |
|
|a удаление
|
| 610 |
1 |
|
|a массоперенос
|
| 610 |
1 |
|
|a эмульгируемость
|
| 675 |
|
|
|a 669.02/.09
|z rus
|v 4
|
| 700 |
|
1 |
|a Минаев
|b Ю. А.
|g Юрий Алексеевич
|
| 801 |
|
0 |
|a RU
|b RuMRKP
|c 19950704
|g psbo
|
| 801 |
|
1 |
|a RU
|b 63413507
|c 20150611
|
| 801 |
|
2 |
|a RU
|b 63413507
|c 20170727
|g RCR
|
| 942 |
|
|
|c BK
|